000 00272nam a22001097a 4500
008 170118b xxu||||| |||| 00| 0 eng d
020 _a9781451112481
041 _aeng
080 _24TH
_a6182
245 _aPHOTO ATLAS OF MEDICATION ADMINISTRATION
_cLYNN, P
942 _2udc
_cBK
999 _c3090
_d3090